000 00464nam a2200181Ia 4500
005 20250423100733.0
008 250422s9999 xx 000 0 und d
020 _a0-89435-347-0
050 _aQA 76.76.Q35 .P47/
100 _aWilliam E. Perry
245 0 _aQuality Assurance for Information Systems
260 _aMassachusetts
260 _bQED Information Sciences Inc
260 _c1991
300 _a801 p
650 _aComputer Software
942 _cBK
999 _c34198
_d34198